The library of shadows / (Record no. 3033)
[ view plain ]
| 000 -LEADER | |
|---|---|
| fixed length control field | 00784nam a2200229 ar4500 |
| 001 - CONTROL NUMBER | |
| control field | 3035 |
| 005 - DATE AND TIME OF LATEST TRANSACTION | |
| control field | 20221127090648.0 |
| 008 - FIXED-LENGTH DATA ELEMENTS--GENERAL INFORMATION | |
| fixed length control field | 121231s xxk 0001f|eng d |
| 020 ## - INTERNATIONAL STANDARD BOOK NUMBER | |
| International Standard Book Number | 9780552775021(pbk) : |
| Terms of availability | SR00.00 |
| 082 04 - DEWEY DECIMAL CLASSIFICATION NUMBER | |
| Classification number | 839.818 |
| Item number | B534 2009 |
| 100 1# - MAIN ENTRY--PERSONAL NAME | |
| Personal name | Birkegaard, Mikkel. |
| 245 14 - TITLE STATEMENT | |
| Title | The library of shadows / |
| Statement of responsibility, etc. | Mikkel Birkegaard ; translated from the Danish by Tiina Nunnally. |
| 260 ## - PUBLICATION, DISTRIBUTION, ETC. | |
| Place of publication, distribution, etc. | London : |
| Name of publisher, distributor, etc. | Black Swan, |
| Date of publication, distribution, etc. | 2009. |
| 300 ## - PHYSICAL DESCRIPTION | |
| Extent | 430 p. ; |
| Dimensions | 20 cm. |
| 500 ## - GENERAL NOTE | |
| General note | Prev. ed. : 2008. |
| 650 #4 - SUBJECT ADDED ENTRY--TOPICAL TERM | |
| Topical term or geographic name entry element | Detective and mystery stories. |
| 650 #4 - SUBJECT ADDED ENTRY--TOPICAL TERM | |
| Topical term or geographic name entry element | Danish fiction |
| General subdivision | Translations into English. |
| 650 #4 - SUBJECT ADDED ENTRY--TOPICAL TERM | |
| Topical term or geographic name entry element | Danish literature |
| Chronological subdivision | 21st century. |
| 650 #4 - SUBJECT ADDED ENTRY--TOPICAL TERM | |
| Topical term or geographic name entry element | English fiction |
| General subdivision | Foreign countries. |
| 650 #4 - SUBJECT ADDED ENTRY--TOPICAL TERM | |
| Topical term or geographic name entry element | Murder |
| Geographic subdivision | Denmark |
| Form subdivision | Fiction. |
| 700 0# - ADDED ENTRY--PERSONAL NAME | |
| Personal name | Tunnally, Tiina, |
| Relator term | translator. |
| Withdrawn status | Lost status | Source of classification or shelving scheme | Damaged status | Not for loan | Home library | Current library | Date acquired | Total Checkouts | Total Renewals | Full call number | Barcode | Date due | Date last seen | Date last checked out | Copy number | Price effective from | Koha item type |
|---|---|---|---|---|---|---|---|---|---|---|---|---|---|---|---|---|---|
| WOMEN | 11/27/2022 | 1 | 1 | 839.818 B534 2009 | 1000000010823 | 04/28/2026 | 03/31/2026 | 03/31/2026 | c1 | 11/27/2022 | Book |
